000 00748nam a2200229Ia 4500
999 _c41726
_d41726
001 8407
003 GE_BSU
005 20221116115345.0
008 181216s2006||||en |||||||||||||| ||enk||
020 _a9780582776999 x
041 _aenk
080 _a811.111(075) N-52
100 _aNewbrook, jasky
_93174
245 _aNew first certificate:Gold : Coursebook /
_c jasky Newbroo ; Judith, Wilson ; Richard Acklam.
264 _aEdinburgh :
_bLongman,
_c2006.
300 _a224 p .:
_bill ;
_c27cm.
_e+1cd.
653 _aNew first certificate:Gold : Coursebook
653 _aინგლისური ენის გრამატიკა
700 _aWilson, Judith
_93175
700 _aAcklam, Richard
_93176
942 _cBK
_2udc